000 00758nam a22002297a 4500
999 _c15868
_d15868
003 AR-CdUCM
008 190430b ||||| |||| 00| 0 spa d
040 _aMUNICIPALIDAD PROVINCIAL DEL CUSCO
_cBIBLIOTECA MUNICIPAL DEL CUSCO
082 _a869.56 /
_bR36
100 _aReinaga, Fausto
_935067
245 _aSocrates y yo /
260 _aLa Paz :
_bComunidad Amáutica Mundial,
_c1983.
300 _az125 paginas ;
_bIlustraciones, graficos, dibujos,
_c18 cm.
500 _aLiteratura peruana
505 _aContenido: La celula -- El imperativo socratico -- El imperativo amautico
650 _aSocrates
_99985
650 _aLiteratura
_983
650 _aHistoria
_9136
650 _aFilosofia
_9395
942 _2ddc
_cLIBROS
945 _apjha
_d2019-04-30